01125naa a2200205 i 4500001000400000003000400004005001700008008003900025040000800064080001500072100014700087245015000234260001000384500002600394650001500420650001900435655003000454773023900484711019600723BPPBPK20180129144048.0140617s1988 pl f |100 0  cBPK a004.92/.94 aMILANOWSKI, Jerzy.d1974 - 1993.bWyższa Szkoła Inżynierska w Koszalinie - Wydział Mechaniczny,cZakład Maszyn Przemysłu Spożywczego aPróba analizy uwarunkowań mikrokomputerowej symulacji fizycznych właściwości surowców i produktów spożywczych /cJerzy Milanowski. c1988. aDane z kartoteki bpp. 0aSymulacja. 0aŻywność. 0aMateriały konferencyjne. iW :tFizyczne właściwości surowców i produktów spożywczych oraz ich wpływ na pracę maszyn i przebieg procesów technologicznych : Materiały Szkoły Letniej'88. -dLublin : Wydawnictwo Akademii Rolniczej, 1988. -gs. 27 aFizyczne właściwości surowców i produktów spożywczych oraz ich wpływ na pracę maszyn i przebieg procesów technologicznych d(1988 ;cLublin, Polska).pSzkoła Letnia Lublin'88